Solutions manual to accompany basic heat transfer (Record no. 163767)

MARC details
000 -LEADER
fixed length control field 00381nam a2200145Ia 4500
008 - FIXED-LENGTH DATA ELEMENTS--GENERAL INFORMATION
fixed length control field 231217s9999 xx 000 0 und d
041 ## - LANGUAGE CODE
Language code of text/sound track or separate title English
082 ## - DEWEY DECIMAL CLASSIFICATION NUMBER
Classification number 621.4022 KRE
100 ## - MAIN ENTRY--PERSONAL NAME
Personal name Kreith, Frank Black, William Z
245 #0 - TITLE STATEMENT
Title Solutions manual to accompany basic heat transfer
260 ## - PUBLICATION, DISTRIBUTION, ETC.
Date of publication, distribution, etc. 1980
Name of publisher, distributor, etc. Harper & Row
300 ## - PHYSICAL DESCRIPTION
Extent 217
650 ## - SUBJECT ADDED ENTRY--TOPICAL TERM
Topical term or geographic name entry element Heat transfer
942 ## - ADDED ENTRY ELEMENTS (KOHA)
Koha item type Books
Holdings
Date last seen Total checkouts Full call number Accession number Price effective from Category Public note Lost status Damaged status Department Withdrawn status Home library Current library Entry date Grants Billdate Currency symbol Conversion rate Discount Old discount
26/01/2024   621.4022 KRE 7721 26/01/2024 Books Gratis     Central Library   Central Library Central Library 21/11/1995 ME 31/03/1998 RS 1   15

© For any Suggestions or Query, please contact the library staff @ librarian@pes.edu or Phone: +9180 2672 1983/ 2108.